أدب ومسرح الطفل في الأردن / (رقم التسجيلة. 87657)

تفاصيل مارك
000 -LEADER
fixed length control field 00801nam a22002297a 4500
005 - DATE AND TIME OF LATEST TRANSACTION
control field 20251108172743.0
008 - FIXED-LENGTH DATA ELEMENTS--GENERAL INFORMATION
fixed length control field 250721s2003 xx 000 0 ara d
082 14 - DEWEY DECIMAL CLASSIFICATION NUMBER
Classification number 808.0682009565/ملت
111 2# - MAIN ENTRY--MEETING NAME
Meeting name or jurisdiction name as entry element ملتقى أدب ومسرح الطفل في الأردن (عمان :2002)
245 10 - TITLE STATEMENT
Title أدب ومسرح الطفل في الأردن /
264 1# - PRODUCTION, PUBLICATION, DISTRIBUTION, MANUFACTURE, AND COPYRIGHT NOTICE
Place of production, publication, distribution, manufacture عمان :
Name of producer, publisher, distributor, manufacturer اللجنة،
Date of production, publication, distribution, manufacture, or copyright notice 2003.
300 ## - PHYSICAL DESCRIPTION
Extent 273ص
650 17 - SUBJECT ADDED ENTRY--TOPICAL TERM
Topical term or geographic name as entry element الأدب العربي
650 17 - SUBJECT ADDED ENTRY--TOPICAL TERM
Topical term or geographic name as entry element أدب الأطفال
650 17 - SUBJECT ADDED ENTRY--TOPICAL TERM
Topical term or geographic name as entry element المسرحيات العربية
650 17 - SUBJECT ADDED ENTRY--TOPICAL TERM
Topical term or geographic name as entry element الأردن
650 17 - SUBJECT ADDED ENTRY--TOPICAL TERM
Topical term or geographic name as entry element الدراسات
650 17 - SUBJECT ADDED ENTRY--TOPICAL TERM
Topical term or geographic name as entry element النقد الأدبي
710 2# - ADDED ENTRY--CORPORATE NAME
Corporate name or jurisdiction name as entry element اللجنة الوطنية العليا لإعلان عمان عاصمة للثقافة العربية
942 ## - ADDED ENTRY ELEMENTS (KOHA)
Source of classification or shelving scheme Dewey Decimal Classification
Koha item type كتب
المقتنيات
حالة السحب حالة الفقدان مصدر التصنيف حالة التلف غير قابل للإعارة المكتبة الرئيسية المكتبة الحالية موقع الرف تاريخ التزويد الرقم المتسلسل Total Checkouts رقم الإستدعاء تاريخ آخر ظهور تاريخ الفاتورة نوع المادة (كوها) الباركود
    Dewey Decimal Classification     المكتبة المركزية المكتبة المركزية الإعارة 28/07/2025 586929   808.0682009565/ملت 28/07/2025 28/07/2025 كتب 586929
    Dewey Decimal Classification     المكتبة المركزية المكتبة المركزية الإعارة 27/03/2019 1705829   808.0682009565/ملت 28/07/2025 27/03/2019 كتب PLD00447878
    Dewey Decimal Classification     المكتبة المركزية المكتبة المركزية مقتنيات قسم التزويد 28/07/2025 1705830   808.0682009565/ملت 28/07/2025 28/07/2025 كتب  
    Dewey Decimal Classification     المكتبة المركزية المكتبة المركزية مقتنيات قسم التزويد 28/07/2025 1705831   808.0682009565/ملت 28/07/2025 28/07/2025 كتب  
    Dewey Decimal Classification     المكتبة المركزية المكتبة المركزية مقتنيات قسم التزويد 28/07/2025 1705832   808.0682009565/ملت 28/07/2025 28/07/2025 كتب  
    Dewey Decimal Classification     المكتبة المركزية المكتبة المركزية مقتنيات قسم التزويد 28/07/2025 1763029   808.0682009565/ملت 28/07/2025 28/07/2025 كتب  
    Dewey Decimal Classification     مكتبة أبو علندا العامة مكتبة أبو علندا العامة الإعارة 20/08/2008 586940   808.0682009565/ملت 28/07/2025 20/08/2008 كتب PLD00035861
    Dewey Decimal Classification Unchecked   مكتبة الاميرة بديعة مكتبة الاميرة بديعة الإعارة 28/07/2025 586933   808.0682009565/ملت 28/07/2025 28/07/2025 كتب  
    Dewey Decimal Classification     مكتبة الجويدة مكتبة الجويدة الإعارة 27/03/2019 1705836   808.0682009565/ملت 28/07/2025 27/03/2019 كتب PLD00447881
    Dewey Decimal Classification     مكتبة النصر العامة مكتبة النصر العامة الإعارة 05/03/2015 586943   808.0682009565/ملت 28/07/2025 05/03/2015 كتب PLD00317584
    Dewey Decimal Classification     مكتبة حمزة العامة مكتبة حمزة العامة الإعارة 19/11/2015 586936.   808.0682009565/ملت 28/07/2025 19/11/2015 كتب PLD00365554
    Dewey Decimal Classification     مكتبة حمزة العامة مكتبة حمزة العامة الإعارة 27/03/2019 170535   808.0682009565/ملت 28/07/2025 27/03/2019 كتب PLD00447880
    Dewey Decimal Classification     مكتبة صويلح العامة مكتبة صويلح العامة الإعارة 27/03/2019 1705833   808.0682009565/ملت 28/07/2025 27/03/2019 كتب PLD00447879
Implemented & Customized by: BBB with SCIT (Smart Chains for Information Technology)

Powered by Koha